00452nam a22001337a 4500003000500000082000800005100001600013245009200029264003700121300003100158650003600189700003600225856005700261NUST a621 a RIAZ ,UMAR aTensile Shear Testing of Double Strap Adhesive joints Using Cork Particles /cUMAR RIAZ aIslamabad: bSMME- NUST. c2017. a50p. ;bSoft Copy, c30cm. aMS Mechanical Engineering  aSupervisor : Dr. Aamir Mubashar uhttp://10.250.8.41:8080/xmlui/handle/123456789/24223